<?xml version="1.0" encoding="UTF-8"?><?xml-stylesheet type="text/xsl" href="static/style.xsl"?><OAI-PMH xmlns="http://www.openarchives.org/OAI/2.0/" xmlns:xsi="http://www.w3.org/2001/XMLSchema-instance" xsi:schemaLocation="http://www.openarchives.org/OAI/2.0/ http://www.openarchives.org/OAI/2.0/OAI-PMH.xsd"><responseDate>2026-06-07T18:59:53Z</responseDate><request verb="GetRecord" identifier="oai:docta.ucm.es:20.500.14352/36604" metadataPrefix="marc">https://docta.ucm.es/rest/oai/request</request><GetRecord><record><header><identifier>oai:docta.ucm.es:20.500.14352/36604</identifier><datestamp>2023-08-24T09:57:45Z</datestamp><setSpec>com_20.500.14352_14</setSpec><setSpec>col_20.500.14352_18</setSpec></header><metadata><record xmlns="http://www.loc.gov/MARC21/slim" xmlns:dcterms="http://purl.org/dc/terms/" xmlns:xsi="http://www.w3.org/2001/XMLSchema-instance" xmlns:doc="http://www.lyncode.com/xoai" xsi:schemaLocation="http://www.loc.gov/MARC21/slim http://www.loc.gov/standards/marcxml/schema/MARC21slim.xsd">
   <leader>00925njm 22002777a 4500</leader>
   <datafield ind2=" " ind1=" " tag="042">
      <subfield code="a">dc</subfield>
   </datafield>
   <datafield ind2=" " ind1=" " tag="720">
      <subfield code="a">Martínez Escamilla, Margarita</subfield>
      <subfield code="e">author</subfield>
   </datafield>
   <datafield ind2=" " ind1=" " tag="260">
      <subfield code="c">2013</subfield>
   </datafield>
   <datafield ind2=" " ind1=" " tag="520">
      <subfield code="a">Este libro da a conocer y reflexiona sobre las causas jurídicas y circunstancias por las que las personas extranjeras, en especial las mujeres, son privadas de libertad en los Centros de Internamiento para Extranjeros (CIE), a la espera de su expulsión.
A través de una metodología variada ―realización de entrevistas en profundidad a mujeres privadas de libertad en el CIE de Aluche, estudio de la normativa vigente, búsqueda y análisis de las cifras oficiales, etc.― se llega a conclusiones reveladoras, como que el 93% de las mujeres  en el CIE de Aluche  son  privadas de libertad por  razones puramente administrativas, frente a las declaraciones oficiales que relacionan el ingreso en CIE y la expulsión con la comisión de delitos. Además, la presencia en los CIE de víctimas de trata, de posibles solicitantes de asilo, de mujeres con arraigo, incluso con hijos españoles, etc., demuestra un uso expansivo y desproporcionado del internamiento, con la consiguiente lesión de garantías legales y de los derechos fundamentales de estas personas. Más allá del imprescindible análisis jurídico, el contacto directo con las mujeres internadas ha permitido ponerles cara y voz y plasmar el drama humano que esconden los CIE. 
La interrupción anticipada del trabajo de campo que está en el origen de este libro y la falta de respuesta a nuestras reiteradas solicitudes para continuarlo, ponen de manifiesto, por otra parte, el hermetismo y la opacidad que preside la gestión de los Centros de Internamiento.</subfield>
   </datafield>
   <datafield ind1="8" ind2=" " tag="024">
      <subfield code="a">978-84-96993-35-8</subfield>
   </datafield>
   <datafield ind1="8" ind2=" " tag="024">
      <subfield code="a">https://hdl.handle.net/20.500.14352/36604</subfield>
   </datafield>
   <datafield ind2="0" ind1="0" tag="245">
      <subfield code="a">Mujeres en el CIE. Género, inmigración e internamiento</subfield>
   </datafield>
</record></metadata></record></GetRecord></OAI-PMH>